| 000 | 00485nam a2200169Ia 4500 | ||
|---|---|---|---|
| 999 |
_c28085 _d28085 |
||
| 003 | OSt | ||
| 005 | 20210106114846.0 | ||
| 008 | 190216s9999||||xx |||||||||||||| ||und|| | ||
| 040 | _coclc | ||
| 082 |
_a894.812301 _bARY/S |
||
| 100 |
_aAryan, T _98201 |
||
| 245 | 0 |
_aSambhavichukondirikkunnathu / _cT Aryan |
|
| 260 |
_bPoorna Publications, _a Kozhikode: _c2000. |
||
| 300 | _a96p | ||
| 650 | _aKathakal | ||
| 942 |
_cBK _2ddc _h894.812301 _iARY/S _k894.812301 _mARY/S |
||